[Event "Usti nad Labem blitz op"]
[Site "Usti nad Labem"]
[Date "2023.05.07"]
[Round "9"]
[White "Lancaric, Tomas"]
[Black "Masek, Daniel"]
[Result "1-0"]
[WhiteElo "1778"]
[BlackElo "1728"]
[PlyCount "107"]
[EventDate "2023.05.07"]
[EventType "swiss (blitz)"]
[EventRounds "15"]
[EventCountry "CZE"]
[SourceTitle "CBM 214 Extra"]
[Source "ChessBase"]
[SourceDate "2023.07.31"]
[SourceVersion "1"]
[SourceVersionDate "2023.07.31"]
[SourceQuality "1"]

1. d4 d5 2. Bf4 c5 3. c3 cxd4 4. cxd4 Nc6 5. Nf3 Nf6 6. e3 Bg4 7. Nbd2 e6 8. Bd3 Bd6 9. Bg3 0-0 10. a3 Rc8 11. Qb3 b6 12. 0-0 Bxg3 13. hxg3 Na5 14. Qa4 Qd7 15. Bb5 Qb7 16. b4 Nc4 17. Nxc4 dxc4 18. Ba6 Qc7 19. Bxc8 Rxc8 20. Ne5 Bf5 21. Rac1 c3 22. f3 h6 23. e4 Bh7 24. Qb3 Nd7 25. Nxd7 Qxd7 26. Rfd1 f5 27. Rxc3 Rxc3 28. Qxc3 fxe4 29. fxe4 Bxe4 30. Re1 Bd5 31. Rc1 a5 32. Qc8+ Qxc8 33. Rxc8+ Kf7 34. Rb8 axb4 35. axb4 Ke7 36. Rxb6 Kd7 37. Ra6 g6 38. Kf2 h5 39. b5 Kc7 40. Ra1 Kb6 41. Rb1 Bc4 42. Ke3 Bxb5 43. Ke4 Kc6 44. Ke5 Bc4 45. Rc1 Kb5 46. Kf6 Bd3 47. Rc5+ Kb6 48. Kxe6 Bf5+ 49. Ke5 Bd3 50. Rc3 Bf5 51. d5 Kb7 52. d6 Kb6 53. Kf6 Kb7 54. Ke7 1-0

[Event "Usti nad Labem blitz op"]
[Site "Usti nad Labem"]
[Date "2023.05.07"]
[Round "8"]
[White "Masek, Daniel"]
[Black "Papay, Jindrich"]
[Result "1-0"]
[WhiteElo "1728"]
[BlackElo "1789"]
[PlyCount "93"]
[EventDate "2023.05.07"]
[EventType "swiss (blitz)"]
[EventRounds "15"]
[EventCountry "CZE"]
[SourceTitle "CBM 214 Extra"]
[Source "ChessBase"]
[SourceDate "2023.07.31"]
[SourceVersion "1"]
[SourceVersionDate "2023.07.31"]
[SourceQuality "1"]

1. d4 f5 2. c4 Nf6 3. Nc3 g6 4. Nf3 Bg7 5. Bf4 d6 6. e3 0-0 7. Be2 c6 8. 0-0 Qe8 9. d5 Nh5 10. Rc1 Na6 11. a3 Nc5 12. Nd4 Nxf4 13. exf4 Ne4 14. Nb3 Nxc3 15. bxc3 c5 16. Re1 Bd7 17. Bf3 Ba4 18. Qc2 Qf7 19. Qb2 b6 20. Re2 Rae8 21. Rce1 Qf6 22. Re3 Bh6 23. g3 Bd7 24. Qe2 Rf7 25. Nc1 Bf8 26. Nd3 Qg7 27. Qd2 g5 28. fxg5 Qxg5 29. Nf4 Bh6 30. Bg2 Rf6 31. Qe2 Bc8 32. Rxe7 Rxe7 33. Qxe7 Qg7 34. Qe8+ Rf8 35. Qe2 Bxf4 36. gxf4 Bd7 37. Kh1 Re8 38. Qf1 Qxc3 39. Rxe8+ Bxe8 40. Qe2 Qc1+ 41. Qf1 Qxf4 42. Qe1 Bf7 43. Kg1 Qxc4 44. Qd1 Qd4 45. Qb3 Kg7 46. Qg3+ Kh6 47. Qxd6+ 1-0

[Event "Usti nad Labem rapid op"]
[Site "Usti nad Labem"]
[Date "2023.05.06"]
[Round "1"]
[White "Masek, Daniel"]
[Black "Brejnik, Gustav"]
[Result "0-1"]
[WhiteElo "1728"]
[BlackElo "2177"]
[PlyCount "54"]
[EventDate "2023.05.06"]
[EventType "swiss (rapid)"]
[EventRounds "7"]
[EventCountry "CZE"]
[SourceTitle "CBM 214 Extra"]
[Source "ChessBase"]
[SourceDate "2023.07.31"]
[SourceVersion "1"]
[SourceVersionDate "2023.07.31"]
[SourceQuality "1"]

1. d4 Nf6 2. Bg5 d5 3. e3 c5 4. c3 Ne4 5. Bf4 Qb6 6. Qc2 Nc6 7. Bd3 Bf5 8. dxc5 Qxc5 9. f3 g5 10. fxe4 dxe4 11. Bxe4 Bxe4 12. Qxe4 gxf4 13. Qxf4 e5 14. Qf2 e4 15. Nd2 Ne5 16. Qe2 Nd3+ 17. Kd1 f5 18. Qh5+ Kd8 19. Qg5+ Be7 20. Qg3 f4 21. Qg7 Nf2+ 22. Kc2 Rf8 23. Nxe4 Nxe4 24. Nh3 fxe3 25. Rad1+ Nd2 26. Rhe1 Qf5+ 27. Kc1 Qb1# 0-1